Obchodné podnikanie
Salvato in:
| Autore principale: | |
|---|---|
| Ente Autore: | |
| Altri autori: | , , , , , |
| Natura: | Libro |
| Lingua: | slovacco |
| Pubblicazione: |
Bratislava
Vydavateľstvo EKONÓM
2017
|
| Edizione: | 1. vyd. |
| Soggetti: | |
| Tags: |
Nessun Tag, puoi essere il primo ad aggiungerne!!
|
MARC
| LEADER | 00000nam a2200000 4500 | ||
|---|---|---|---|
| 001 | 0238648 | ||
| 005 | 20240502073849.0 | ||
| 020 | |a 978-80-225-4461-0 | ||
| 041 | 0 | |a slo | |
| 044 | |a SK | ||
| 245 | 1 | 0 | |a Obchodné podnikanie |c Darina Eliašová a kolektív ; recenzovali: Dana Benešová, Adrián Pavlík |
| 250 | |a 1. vyd. | ||
| 264 | 1 | |a Bratislava |b Vydavateľstvo EKONÓM |c 2017 | |
| 300 | |a 207 s. [15,57 AH] | ||
| 610 | 2 | 0 | |a podnikanie obchodné |
| 610 | 2 | 0 | |a podnik obchodný |
| 610 | 2 | 0 | |a veľkoobchod |
| 610 | 2 | 0 | |a maloobchod |
| 610 | 2 | 0 | |a plán podnikateľský |
| 610 | 2 | 0 | |a financovanie |
| 610 | 2 | 0 | |a plán finančný |
| 610 | 2 | 0 | |a náklady |
| 610 | 2 | 0 | |a výnosy |
| 610 | 2 | 0 | |a zásobovanie |
| 610 | 2 | 0 | |a výroba |
| 610 | 2 | 0 | |a odbyt |
| 610 | 2 | 0 | |a predaj |
| 610 | 2 | 0 | |a dane z príjmov |
| 610 | 2 | 0 | |a dane z hodnoty pridanej |
| 610 | 2 | 0 | |a prostredie podnikateľské |
| 610 | 2 | 0 | |a podnikanie malé |
| 610 | 2 | 0 | |a podnikanie stredné |
| 610 | 2 | 0 | |a pomoc finančná |
| 610 | 2 | 0 | |a podnikanie elektronické |
| 610 | 2 | 0 | |a obchod elektronický |
| 100 | 1 | |a Eliašová, Darina | |
| 700 | 1 | |a Bažó, Ladislav, 1980- | |
| 700 | 1 | |a Fodranová, Iveta, 1959- | |
| 700 | 1 | |a Krošláková, Monika, 1975- | |
| 700 | 1 | |a Valenteová, Katarína | |
| 700 | 1 | |a Benešová, Dana, 1958- | |
| 700 | 1 | |a Pavlík, Adrián | |
| 710 | 2 | |a Ekonomická univerzita v Bratislave. Obchodná fakulta | |